01520nai a2200253 u 4500001000800000005001700008008004100025020001500066035001200081040001300093041000800106082000800114100003200122245004200154250001000196260003800206300001800244505069100262650003400953650002500987700003101012787009501043856012801138127894720240529085512.0120410s1996 ||||||i| spa  a0134579127 a1278947 ccomduadb aspa 4a51510aEdwards, C. Henry4auteaut10aCálculo con geometría analítica a4 ed. aMéxico :bPrentice Hall,c1996. a956 páginas aCONTENIDO : Funciones y gráficas. -- Preludio al cálculo. -- La derivada. -- Aplicaciones adicionales de la derivada. -- La integral. -- Aplicaciones de la integral. -- Funciones exponenciales y logarítmicas. -- Más acerca del cálculo de las funciones trascendentales. -- Técnicas de integración. -- Coordenadas polares y secciones cónicas. -- Series infinitas. -- Curvas paramétricas y vectores en el plano. -- Vectores, curvas y superficies en el espacio. -- Derivación parcial. -- Integrales múltiples. -- Análisis vectorial. -- Apéndices. -- Respuestas a los problemas impares. -- Bibliografía para estudio posterior. -- Índice. -- Tabla de integrales. 7aGeometría analítica2lemb 7aCálculo integral210aPenney, David E.4auteaut08iDisponible en otros formatostCálculo con geometría analíticad1996b4. ed.w12092354 uhttp://aplicacionesbiblioteca.udea.edu.co:2048/login?url=https://www.bibliotechnia.com.mx/Institucional/resumen/1432_259522